000 00284nam a2200121Ia 4500
005 20251222144758.0
008 251222s9999||||xx |||||||||||||| ||spa||
082 _a382.414.1/P87
245 0 _aPerú:
250 _a2a.ed.
264 _bSecretaría de Estado de Economía
942 _cLIB
999 _c19612
_d19612